[Event "Baden-ch op U1800"]
[Site "Birkenfeld"]
[Date "2013.05.31"]
[Round "3"]
[White "Schroeder, Klaus"]
[Black "Schillinger, Benjamin"]
[Result "1/2-1/2"]
[WhiteElo "1814"]
[BlackElo "1681"]
[PlyCount "71"]
[EventDate "2013.05.30"]
[EventType "swiss"]
[EventRounds "7"]
[EventCountry "GER"]
[SourceTitle "EXT 2014"]
[Source "ChessBase"]
[SourceDate "2013.11.20"]
[SourceVersion "1"]
[SourceVersionDate "2013.11.20"]
[SourceQuality "1"]

1. Nf3 d5 2. d4 Nf6 3. c4 e6 4. Nc3 Be7 5. g3 0-0 6. Bg2 Nbd7 7. 0-0 dxc4 8. Bg5 Nd5 9. Bxe7 Qxe7 10. e4 Nxc3 11. bxc3 Rd8 12. Qe2 b5 13. Rfb1 a6 14. a4 Rb8 15. Nd2 c6 16. e5 Bb7 17. axb5 axb5 18. Ne4 Nb6 19. Nd6 Ra8 20. f4 Na4 21. Qc2 Ra7 22. Nxb7 Rxb7 23. Bxc6 Rbb8 24. Rxb5 Rxb5 25. Bxb5 Nb6 26. Bc6 Qc7 27. Be4 g6 28. h4 Nd5 29. Bxd5 exd5 30. f5 Rb8 31. f6 h5 32. Qa4 Qc8 33. Qc2 Qh3 34. Qf2 Qg4 35. Qe3 Qf5 36. Qd2 1/2-1/2